| LEADER | 01482cam a2200337 i 4500 | ||
|---|---|---|---|
| 001 | u1068730 | ||
| 003 | SIRSI | ||
| 005 | 201711130856 | ||
| 008 | 171114s2017 my a m 000 0 may | ||
| 040 | |a UMM |d UMA |e rda | ||
| 043 | |a a-my-sa | ||
| 090 | |a BP42 |b A2 UM 2017 Mohkmn | ||
| 094 | |a BP42 |b A2 UM 2017 Mohkmn | ||
| 100 | 0 | |a Mohd Khairulnazrin Mohd Nasir, |e author. | |
| 245 | 1 | 0 | |a Kepercayaan animisme menurut perspektif sunah : |b kajian terhadap kalangan imam dan remaja di daerah Pitas, Sabah / |c Mohd Khairulnazrin Bin Mohd Nasir. |
| 264 | 1 | |c 2017. | |
| 300 | |a xxii, 284 leaves : |b illustrations ; |c 30 cm. | ||
| 336 | |a text |2 rdacontent | ||
| 337 | |a unmediated |2 rdamedia | ||
| 338 | |a volume |2 rdacarrier | ||
| 502 | |b M.Usuluddin |c Jabatan Al-Quran dan Al-Hadis, Akademi Pengajian Islam, Universiti Malaya |d 2017. | ||
| 504 | |a Bibliography: leaves 265-281. | ||
| 650 | 0 | |a Animism |z Sabah. | |
| 650 | 0 | |a Youth |x Social aspects |z Sabah. | |
| 650 | 0 | |a Imams (Mosque officers) |z Sabah. | |
| 710 | 2 | |a Universiti Malaya. |b Akademi Pengajian Islam, |e degree granting institution. | |
| 596 | |a 1 12 18 | ||
| 900 | |a NSM | ||
| 999 | |a BP42 A2 UM 2017 MOHKMN |w LC |c 1 |i A517001689 |d 26/12/2017 |f 26/12/2017 |g 1 |l STACKS |m P01UTAMA |r Y |s Y |t TESIS |u 8/12/2017 |1 AHSS | ||
| 999 | |a BP42 A2 UM 2017 MOHKMN |w LC |c 1 |i A516284958 |l RESERVES |m P18ISLPURI |r Y |s Y |t TESIS |u 12/12/2017 | ||
| 999 | |a BP42 A2 UM 2017 MOHKMN |w LC |c 1 |i A516889543 |d 14/12/2017 |f 14/12/2017 |g 1 |l STACKS |m P12ISLAMKL |r Y |s Y |t TESIS |u 14/12/2017 |1 AHSS | ||
